000 00582nam a2200217Ia 4500
003 0100
005 20160209103308.0
008 130307s9999 xx 000 0 und d
040 _cARRUPELIB
050 _aSPC DT72.J6
100 _aJohnston, Harry Hamilton
_922066
245 4 _aThe opening up of Africa
260 _aLondon
260 _bWilliams and Norgate
300 _aviii
300 _b255p. 18cm.
440 _aHome University Library of Modern Knowledge
_910346
650 _aAfrica
_xHistory
_922067
650 _aAfrica
_xColonisation
_922068
942 _2lcc
_cSPC
999 _c92687
_d92687